书目信息 |
| 题名: |
北戴河旅游实用图册
|
|
| 作者: | 孙振彦 , 王凤莲 编著 | |
| 分册: | ||
| 出版信息: | 广东 广东旅游出版社 2004.04 |
|
| 页数: | 79页 | |
| 开本: | 21cm | |
| 丛书名: | 中国热点旅游景地实用图册丛书 | |
| 单 册: | ||
| 中图分类: | K922.3 | |
| 科图分类: | ||
| 主题词: | 旅游图--北戴河 | |
| 电子资源: | ||
| ISBN: | 7-80653-331-1 | |
| 000 | 00906nm 2200265 450 | |
| 001 | 192004004249 | |
| 005 | 20070914100719.29 | |
| 010 | @a7-80653-331-1@d12.00 | |
| 100 | @a20070602d2004 ekmy0chiy0121 ea | |
| 101 | 0 | @achi |
| 102 | @aCN@b440000 | |
| 105 | @aab z 000yy | |
| 200 | 1 | @a北戴河旅游实用图册@Abei dai he lv you shi yong tu ce@f孙振彦, 王凤莲编著 |
| 210 | @a广东@c广东旅游出版社@d2004.04 | |
| 215 | @a79页@c图, 地图@d21cm | |
| 225 | 2 | @a中国热点旅游景地实用图册丛书@Azhong guo re dian lv you jing di shi yong tu ce cong shu |
| 300 | @a无敌地图王 | |
| 330 | @a本书是一本关于北戴可旅游的实用地图册,其内详细地介绍了北戴河的各旅游区及旅游路线等。 | |
| 410 | 0 | @12001 @a中国热点旅游景地实用图册丛书 |
| 606 | 0 | @a旅游图@y北戴河 |
| 690 | @aK922.3@v4 | |
| 701 | 0 | @a孙振彦@Asun zhen yan@4编著 |
| 701 | 0 | @a王凤莲@Awang feng lian@4编著 |
| 801 | 0 | @aCN@c20070914 |
| 905 | @dK922.3@eS988 | |
| 北戴河旅游实用图册/孙振彦, 王凤莲编著.-广东:广东旅游出版社,2004.04 |
| 79页:图, 地图;21cm.-(中国热点旅游景地实用图册丛书) |
| 无敌地图王 |
| ISBN 7-80653-331-1:12.00 |
| 本书是一本关于北戴可旅游的实用地图册,其内详细地介绍了北戴河的各旅游区及旅游路线等。 |
| ● |
| 相关链接 |
|
|
|
正题名:北戴河旅游实用图册
索取号:K922.3/S988
 
预约/预借
| 序号 | 登录号 | 条形码 | 馆藏地/架位号 | 状态 | 备注 |
| 1 | 618393 | 206183930 | 社科库309/309社科库 14排4列5层/ [索取号:K922.3/S988] | 在馆 | |
| 2 | 618394 | 206183949 | 社科库309/309社科库 14排4列5层/ [索取号:K922.3/S988] | 在馆 | |
| 3 | 618395 | 206183958 | 社科库309/309社科库 14排4列5层/ [索取号:K922.3/S988] | 在馆 |